Logo BPK

Biblioteka

Politechniki Koszalińskiej

Polski system oceny zgodności i kontrola wyrobów podlegających dyrektywom nowego podejścia : (Rekord nr 49607)

Szczegóły MARC
000 -ETYKIETA REKORDU
podpole kontrolne o stałej długości 00949nam a2200229 i 4500
001 - NUMER KONTROLNY REKORDU
pole kontrolne bg
040 ## - ŹRÓDŁO KATALOGOWANIA
Instytucja, która utworzyła rekord BPK
041 0# - KOD JĘZYKA
Kod języka tekstu pol
044 ## - KOD KRAJU WYDAWCY/PRODUCENTA
Kod kraju wydawcy/producenta POL
080 ## - UNIWERSALNA KLASYFIKACJA DZIESIĘTNA - UKD
UKD 346.54:006.06(438:4-67)
008 - POLE O STAŁEJ DŁUGOŚCI - DANE KONTROLNE
podpole kontrolne o stałej długości 100823s2005 pl a |000 0 pol
245 00 - TYTUŁ/ODPOWIEDZIALNOŚĆ
Tytuł Polski system oceny zgodności i kontrola wyrobów podlegających dyrektywom nowego podejścia :
Ciąg dalszy tytułu przewodnik /
Pozostałe elementy strefy tytułu i oznaczenia odpowiedzialności Urząd Ochrony Konkurencji i Konsumentów.
250 ## - STREFA WYDANIA
Oznaczenie wydania Stan prawny na dzień 1.08.2005 r.
260 ## - STREFA ADRESU WYDAWNICZEGO
Miejsce wydania Warszawa :
Nazwa wydawcy/dystrybutora Urząd Ochrony Konkurencji i Konsumentów,
Data publikacji, dystrybucji/powstania dokumentu 2005.
300 ## - STREFA OPISU FIZYCZNEGO
Objętość 94 s. :
Inne cechy fizyczne il. ;
Rozmiary 25 cm.
650 #9 - HASŁO PRZEDMIOTOWE W FORMIE NAZWY OGÓLNEJ LUB JEDNOSTKOWEJ
Nazwa ogólna lub geograficzna Bezpieczeństwo produktu
Określnik ogólny prawo wspólnotowe europejskie
Określnik chronologiczny stan na 2005 r.
650 #9 - HASŁO PRZEDMIOTOWE W FORMIE NAZWY OGÓLNEJ LUB JEDNOSTKOWEJ
Nazwa ogólna lub geograficzna Certyfikacja zgodności
Określnik ogólny prawo
Określnik geograficzny Polska
Określnik chronologiczny stan na 2005 r.
650 #9 - HASŁO PRZEDMIOTOWE W FORMIE NAZWY OGÓLNEJ LUB JEDNOSTKOWEJ
Nazwa ogólna lub geograficzna Jakość produktu
Określnik ogólny prawo wspólnotowe europejskie
Określnik chronologiczny stan na 2005 r.
650 #9 - HASŁO PRZEDMIOTOWE W FORMIE NAZWY OGÓLNEJ LUB JEDNOSTKOWEJ
Nazwa ogólna lub geograficzna Oznaczenie CE
710 1# - HASŁO DODATKOWE - NAZWA CIAŁA ZBIOROWEGO
Nazwa ciała zbiorowego lub jednostki geograficznej Polska.
Nazwa jednostki podrzędnej Urząd Rady Ministrów.
-- Urząd Ochrony Konkurencji i Konsumentów.
856 ## - LOKALIZACJA I DOSTĘP DO ELEKTRONICZNYCH DOKUMENTÓW ZDALNYCH
Link (URL) http://koha.tu.koszalin.pl/cgi-bin/koha/opac-detail.pl?biblionumber=49607
Tekst linku Katalog online BPK
942 ## - DODATKOWE ELEMENTY (KOHA)
Typ dokumentu Książka
Egzemplarze
Wycofany Status egzemplarza Uszkodzony Dostępność Lokalizacja stała Lokalizacja bieżąca Miejsce przechowywania Sygnatura Kod kreskowy Dział Typ dokumentu
      Tylko na miejscu Biblioteka Politechniki Koszalińskiej Biblioteka Politechniki Koszalińskiej Czytelnia BG S 1315 02148106 006 Normalizacja. Metrologia Książka
      Dostępny Biblioteka Politechniki Koszalińskiej Biblioteka Politechniki Koszalińskiej Wypożyczalnia BG S 1316 02148090   Książka
      Tylko na miejscu Biblioteka Politechniki Koszalińskiej Biblioteka Politechniki Koszalińskiej Czytelnia Wydziałowa ul. Kwiatkowskiego 6e S 1317 02148083 346 Prawo gospodarcze Książka
© 2023 Biblioteka Politechniki Koszalińskiej :: KOHA